Business marketing (Бичлэгийн дугаар. 146777)
| 000 -УДИРДЛАГА | |
|---|---|
| Удирдлага | 00716nam a22002417a 4500 |
| 003 - ХЯНАЛТЫН ТОО ТОДОРХОЙЛОГЧ | |
| Код | MN-UlNUM |
| 005 - БИЧИЛТ ХИЙСЭН ОГНОО | |
| Тухайн бичилтийг бичсэн засварласан сүүлийн огноо | 20260331182319.0 |
| 008 - ЕРӨНХИЙ МЭДЭЭЛЭЛ | |
| Ерөнхий мэдээлэл | 260331s1998 maua b 001 0 eng |
| 020 ## - ISBN | |
| ISBN | 0256221332 |
| -- | 0256221336 |
| 040 ## - БИЧЛЭГ ҮҮСГЭГЧ БАЙГУУЛЛАГА | |
| Бичлэг үүсгэгч номын сангийн код | МУИС-ийн номын сан |
| 084 ## - ББК АНГИЛАЛ | |
| Нэмэлт тусгалт | Нэг сэдэвт бүтээл |
| ББК ангилал | 65.290-2 |
| Зохиогчийн гурван тэмдэгт | D 92 |
| Мэдлэгийн ялгаа | 65 - Эдийн засаг |
| 100 ## - ЗОХИОГЧ | |
| Зохиогчийн нэр | Dwyer, F. Robert |
| 245 ## - ҮНДСЭН ГАРЧИГ | |
| Номын нэр | Business marketing |
| Бага гарчгийн мэдээ | Connecting strategy, relationships, and learning |
| 260 ## - ГАРАЛТЫН МЭДЭЭ | |
| Хэвлэгдсэн газар | Boston |
| Хэвлэлийн газар | Irwin/McGraw-Hill |
| Хэвлэгдсэн он | 1999 |
| 300 ## - МАТЕРИАЛЫН ТОДОРХОЙЛОЛТ | |
| хуудасны тоо | xxix, 670 p. : |
| Бусад тоон мэдээлэл | ill. (some col.) ; |
| Хэмжээ | 27 cm |
| 500 ## - Тайлбар | |
| Дансны дугаар | БС 4398 |
| 546 ## - ХЭЛНИЙ ТУХАЙ МЭДЭЭ | |
| Хэл | Англи хэл дээр, |
| 653 ## - Түлхүүр үг | |
| Түлхүүр үг | marketing |
| 700 ## - ХАМ ЗОХИОГЧИД | |
| Ба бус | Tanner, John F |
| 942 ## - ЭЛЕМЕНТИЙН ТӨРӨЛ | |
| Зүйлийн төрөл | Ном |
